Statistics for Croatian Presidents

Click here to take the quiz!

General Stats

  • This quiz has been taken 33 times
  • The average score is 4 of 5

Answer Stats

TermPresident% Correct
2020-presentZoran Milanović
97%
1990-1999Franjo Tuđman
93%
2015-2020Kolinda Grabar-Kitarović
90%
2000-2010Stjepan Mesić
83%
2010-2015Ivo Josipović
80%

Score Distribution

Percentile by Number Answered

Percent of People with Each Score

Your Score History

You have not taken this quiz